000 00267nam a2200109Ia 4500
008 200302s9999 xx 000 0 und d
100 _aCharlotte Benton
245 _aMordern Art 1848 to The Present
260 _bThe Open University
260 _c1976
300 _a158 P.,
999 _c548
_d548